000 01230nam a2200241Ia 4500
003 Ost
005 20260507075333.0
008 260507s9999||||xx |||||||||||||| ||und||
020 _a9957452940
040 _cfsecg
041 _aara
082 _a330
100 _aالددا، علي موسى
_eمؤلف
245 0 _aالتسويق المعاصر :
_bالمفاهيم و السياسات /
_c علي موسى الددا
260 _aعمان:
_bالبداية للنشر والتوزيع,
_c2010
300 _a265 صفحة؛
_bإيضاحات ؛
_c25 سم
504 _aفهرس الجداول و الأشكال ص. 265 (اقتناءات 2014 3ن)
520 _aمفهوم التسويق و تطوره ، البيئة التسويقية و تقسيم السوق و المعايير و المتطلبات الخاصة بوضع تجزئة فاعلية السوق ، سلوك المستهلك ، سياسات و قرارات السلع و تطوير السلع الجديدة ، دراسة التسعير و الترويج ، التسويق الالكتروني
653 _aالإستراتيجية التنافسية
653 _aالتسويق
653 _aالتسويق الإلكتروني
942 _cكتاب
999 _c44026
_d44026